Altoun`s rate assessment calculator `the handy calculator`.... (Record no. 96391)

MARC details
000 -LEADER
fixed length control field 00574cam a2200229 4500
008 - FIXED-LENGTH DATA ELEMENTS--GENERAL INFORMATION
fixed length control field 090401t1971 xxu||||| |||| 00| 0 eng d
020 ## - INTERNATIONAL STANDARD BOOK NUMBER
International Standard Book Number 0721904106
035 ## - SYSTEM CONTROL NUMBER
System control number (Sirsi) u78129
041 ## - LANGUAGE CODE
Language code of text/sound track or separate title eng
050 ## - LIBRARY OF CONGRESS CALL NUMBER
Classification number 336.210212
100 ## - MAIN ENTRY--PERSONAL NAME
Personal name James, A.C.
245 ## - TITLE STATEMENT
Title Altoun`s rate assessment calculator `the handy calculator`....
250 ## - EDITION STATEMENT
Edition statement 10th ed.
260 ## - PUBLICATION, DISTRIBUTION, ETC.
Place of publication, distribution, etc. London
Name of publisher, distributor, etc. Shaw & Sons
Date of publication, distribution, etc. 1971
300 ## - PHYSICAL DESCRIPTION
Extent 26p. ; 16x12cm.
350 ## - PRICE (NR) (BK AM CF MU VM SE) [OBSOLETE]
Price 0
650 ## - SUBJECT ADDED ENTRY--TOPICAL TERM
Topical term or geographic name entry element RATING
650 ## - SUBJECT ADDED ENTRY--TOPICAL TERM
Topical term or geographic name entry element RENT ASSESSMENT
690 ## - LOCAL SUBJECT ADDED ENTRY--TOPICAL TERM (OCLC, RLIN)
Topical term or geographic name as entry element RATING AND VALUATION
942 ## - ADDED ENTRY ELEMENTS (KOHA)
Suppress in OPAC 0
948 ## - LOCAL PROCESSING INFORMATION (OCLC); SERIES PART DESIGNATOR (RLIN)
c (OCLC) 02/05/1997
Holdings
Withdrawn status Lost status Source of classification or shelving scheme Damaged status Not for loan Home library Current library Shelving location Date acquired Total Checkouts Full call number Barcode Date last seen Copy number Price effective from Koha item type
    Dewey Decimal Classification     London London Basement 14/09/1999   RESERVE 113 30003093 06/08/2019 1 06/08/2019 Book